1328 1569 1173 1194 1993 1588 1431 1440 1579 1005 1473 1833 1461 1873 1372 1059 1213 1578 1144 1391 1628 1700 1644 1162 1917 1833 1567 1089 1141 1075 1561 1213 1763 1161 1563 1042 1531 1250 1883 1398 1580 1188 1897 1174 1241 1552 1384 1577 1555 1053 1291 1309 1839 1997 1973 1520 1625 1699 1988 1560 1122 1031 1877 1653 1348 1550 1803 1461 1418 1362 1852 1943 1591 1999 1515 1807 1671 1143 1448 1980 1502 1435 1389 1946 1354 1198 1189 1683 1783 1358 1239 1935 1004 1458 1874 1248 1968 1679 1579 BCNSPRNW ULIB Ver.6.0+V

เปลี่ยนเป็นภาษาไทย

Change to English
 แสดงรายละเอียดบรรณานุกรม
  กลับหน้าหลัก

Brief Record : Get Marc (ISO 2709) : E-mail record : QR code < ปิดหน้าต่าง
LEADER : 00000nam 2200000uu 4500
001    13399111313
003     ULIB
008    110622s2550||||th 000 0 tha d
020    9749333594
020    9789749333594
060 04 QT225^bซ319ค 2550
100 1  ทาร์กอส, ซินดี้
245 10 เคล็ดลับออกกำลังกายลดไขมันรอบเอว =^bErase your waist inminutes a day /^cเขียนโดย ซินดี้ ทาร์กอส ; บรรณาธิการ วาริน นิลศิริสุข
246 31 Erase your waist in minutes a say
250    พิมพ์ครั้งที่ 1
260    กรุงเทพฯ :^bBear Publishing,^c2550
300    155 หน้า :^bภาพประกอบ ;^c21 ซม.
650  7 กายบริหาร
650  7 การออกกำลังกาย
650  7 โภชนาการ
700 0  วาริน นิลศิริสุข,^eบรรณาธิการ
945    ^p0^l0^i14332
995    กัณชพร
999 ^a ใช้งานได้ทุกระบบ
รายการนี้ยังไม่มีแท็ก
คุณยังไม่ได้ล็อกอิน คุณสามารถมีกิจกรรมร่วมกับเว็บไซต์ได้ แต่ต้องล็อกอินก่อน ::
  ล็อกอิน

รายการสื่อสารสนเทศ

ลำดับที่ ประเภท เลขเรียก/บาร์โค้ด สถานที่ สถานะ
- ไม่พบข้อมูล -

รายการใกล้เคียง
    ผู้แต่ง [ทาร์กอส, ซินดี้]

    หัวเรื่อง [กายบริหาร]
    หัวเรื่อง [การออกกำลังกาย]
    หัวเรื่อง [โภชนาการ]

BibComment


ยังไม่เคยถูกคอมเมนท์

คอมเมนท์ทรัพยากรรายการนี้
  คอมเมนท์: เคล็ดลับออกกำลังก..


 Copyright 2026. Bcnsprnw @Library